Les 10 meilleurs buteurs de l'Allemagne au 21eme siécle. - Statistiques

Statistiques générales
  • Ce quiz a été pris 69 fois
  • Le résultat moyen est 5 sur 10
Statistiques - réponses
Buts Joueurs Période en
sélection
% Correct
45 Thomas Muller 2010-
97%
71 Miroslav Klose 2001-2014
90%
31 Mario Gomez 2007-2018
75%
22 Serge Gnabry 2016-
62%
23 Mesut Ozil 2009-2018
48%
49 Lukas Podolski 2004-2017
41%
24 Timo Werner 2017-
40%
24 Bastian Schweinsteiger 2004-2016
38%
42 Michael Ballack 1999-2011
33%
22 Andre Schurrle 2010-2017
19%
Aucun quiz correspondant
Distribution des résultats
% des personnes avec chaque résultat
Percentile par nombre de réponses
Votre historique - résultats
Vous n’avez pas pris ce quiz